• 首页
  • 本馆介绍
  • 公告通知
  • 最新文献
  • 馆藏检索
  • 电子资源
  • 读者导购
  • 参考咨询
  • 我的图书馆
  • 登录
  • 详细信息显示
  • 放入我的书架
  • 预约/预借图书
  • 作者相关作品
  • 分类相关作品
  • 丛书相关作品
  • 出版社相关作品

书目信息

  • 表格格式
  • 工作单格式
  • 卡片格式
题名:
西方文学批评术语辞典
    
 
作者: 林骧华 主编
分册:  
出版信息: 上海   上海社会科学院出版社  1989.5
页数: 584页
开本: 19cm
丛书名:
单 册:
中图分类: I106-61 , I06-61
科图分类:
主题词: 文学评论--词典 , 文学欣赏--词典
电子资源:
ISBN: 7-80515-236-5
000 00688nam0 2200241 45
001 0189014873
005 20041125170828.7
010    @a7-80515-236-5@dCNY12.00
020    @aCN@b89014873
100    @a19910304d1989 m y0chiy0120 ea
101 0  @achi
102    @aCN@b310000
105    @ay e 001yy
200 10 @a西方文学批评术语辞典@Axi fang wen xue pi ping shu yu ci dian@f林骧华主编@Flin xiang hua zhu bian
210    @a上海@c上海社会科学院出版社@d1989.5
215    @a584页@d19cm
606 0  @a文学评论@x词典
606 0  @a文学欣赏@x词典
690    @aI106-61@v1980
690    @aI06-61@v3
701  0 @a林骧华@4主编
801  0 @aCN@bNLC@c19910304
905    @f1@b232264@dI06-61@e79
    
    西方文学批评术语辞典/林骧华主编.-上海:上海社会科学院出版社,1989.5
    584页;19cm
    
    
    ISBN 7-80515-236-5:CNY12.00
    
●
相关链接 在E读中查询图书 在五车中查询图书 在当当中查询图书 在豆瓣中查询图书


正题名:西方文学批评术语辞典     索取号:I06-61/79         预约/预借

序号 登录号 条形码 馆藏地/架位号 状态 备注
1 0232264   000911981   第二借阅区/ [索取号:I06-61/79] 在馆    
2 0232265   202465082   第一样本阅览室/ [索取号:I06-61/79] 在馆    
唐山师范学院图书馆 欢迎您!
大连网信软件有限公司© 版权所有